000 01359cam a22003737a 4500
003 CHAP
005 20220817043656.0
008 000524d2000 mx r 00110 spa d
010 _a81291
011 _a82263
035 _a92752
040 _cCHAP
090 _aTesis
100 0 0 _aSánchez Velázquez, Plutarco.
_9107913
245 1 0 _aAnálisis y evaluación del Plan Integral de Desarrollo de la Tribu Yaqui
_c/por Plutarco Sánchez Velázquez y José Atanagildo Turriza Zapata
260 _aChapingo, Méx. :
_bEl autor,
_c2000.
300 _a115 h.
502 _aTesis (Ing. Agr. Esp. en Economía Agrícola) -- UACH. División de Ciencias Económico Administrativas
590 _aALEPH
_b10
_c20130110
_lUCH01
_h1435
590 _aBATCH-UPD
_b10
_c20130110
_lUCH01
_h0824
590 _aBATCH-UPD
_b10
_c20130410
_lUCH01
_h0501
590 _aBATCH-UPD
_b10
_c20130914
_lUCH01
_h1147
590 _aCONVERSION
_b10
_c20130109
_lUCH01
_h1345
650 1 4 _aDesarrollo de la comunidad rural
_xSonora.
_932027
650 1 4 _aDesarrollo económico.
650 1 4 _aDesarrollo social.
650 1 4 _aYaquis.
_9122990
700 0 _aTurriza Zapata, José Atanagildo.
_9115690
901 _aBK
905 _aGuadalupe Pinto C.
942 _cFOLL
949 _bBC
_cTES
_d33724000774915
_eTS2
_fc.2
_h36303
_i92752
_si
949 _bBC
_cTES
_d927521
_eTS1
_h36302
_i92752
_sb
999 _c81291
_d81291